000 00436nam a2200217Ia 4500
003 IT-RoPAU
008 120407s9999 xx 000 0 und d
040 _aIT-RoPAU
040 _cIT-RoPAU
041 _aita
100 _aVilmos Tower
245 _aIl celibato sacerdotale.
250 _aMilano
260 _aAncora
260 _c1943
300 _a149 p.
300 _c19 cm
490 _v1
942 _cBK
999 _c25960
_d25960